The landscape architect and his work : an address given before the Chicago Architectural Club /
Saved in:
| Main Author: | |
|---|---|
| Format: | Book |
| Language: | English |
| Published: |
[S.l. :
s.n.?],
1905.
|
| Subjects: | |
| Tags: |
Add Tag
No Tags, Be the first to tag this record!
|
| LEADER | 00579nam a22001697u 4500 | ||
|---|---|---|---|
| 001 | 000000374-3 | ||
| 005 | 20020606090541.3 | ||
| 008 | 830127|1905 ||||||| |||| |0||||eng|d | ||
| 035 | 0 | |a ocm84568890 | |
| 100 | 1 | |a Weed, Howard Evarts. | |
| 245 | 1 | 4 | |a The landscape architect and his work : |b an address given before the Chicago Architectural Club / |c by Howard Evarts Weed. |
| 260 | 0 | |a [S.l. : |b s.n.?], |c 1905. | |
| 300 | |a [8] p. ; |c 16 cm. | ||
| 500 | |a Reprinted from: The Inland architect, March, 1905. | ||
| 650 | 0 | |a Landscape architecture |x Vocational guidance. | |
| 988 | |a 20020608 | ||
| 906 | |0 MH | ||


